000 00951nam a2200265 i 4500
001 bg
100 1 _aKulczycka, Luiza.
245 1 0 _aJak najlepiej zaprezentować się podczas rozmowy kwalifikacyjnej? /
_cLuiza Kulczycka.
260 _aWarszawa :
_bWolters Kluwer Polska,
_c2007.
300 _a115, [1] s. ;
_c22 cm.
490 1 _aBiblioteka Gazety Wyborczej.
_p6 Kroków do Nowej Pracy
_v4
500 _aNa okł.: Trzy niezbędne działania przygotowawcze do rozmowy, nie dajmy się zaskoczyć czyli jak odpowiadać na pytania, rozmowy kwalifikacyjne w innych krajach.
650 9 _aRozmowa kwalifikacyjna
655 _aPoradniki
830 _aBiblioteka Gazety Wyborczej.
_p6 Kroków do Nowej Pracy
015 _aPB 24832/2007
020 _a9788375264074
040 _cBPK
041 _apol
044 _aPOL
080 _a331.108(083.1)
920 _a978-83-7526-407-4
942 _cKS
008 090812s2007 pl f |000 0 pol
999 _c56676
_d56676
856 _uhttp://koha.tu.koszalin.pl/cgi-bin/koha/opac-detail.pl?biblionumber=56676
_yKatalog online BPK